[Event "WCPL 2018-9"]
[Site "?"]
[Date "2019.04.28"]
[Round "5.6"]
[White "Van Kemenade, Julie"]
[Black "Thomas, Roy"]
[Result "1-0"]
[WhiteElo "1707"]
[BlackElo "1737"]
[Annotator "kemen"]
[PlyCount "83"]
[EventDate "2018.??.??"]
[EventRounds "5"]
[EventCountry "WLS"]
[WhiteTeam "Cardigan"]
[BlackTeam "The Full Ponty"]

1. e4 c5 2. Bc4 Nc6 3. c3 Nf6 4. d3 g6 (4... e6 {main}) 5. Nd2 (5. Nf3 {main})
5... d5 (5... Bg7 6. Ngf3 d6 {transposes to a number of games}) 6. Bb3 (6. exd5
Nxd5 7. Ne4 $14 {Cloud Engines}) 6... Bg7 (6... d4 {Stockfish10}) (6... c4 7.
exd5 Qxd5 8. Bxc4 Qxg2 9. Qf3 Qxf3 10. Ngxf3 $15 {Komodo12}) 7. Ne2 (7. Ngf3)
7... Ne5 (7... c4 8. dxc4 (8. exd5 Qxd5 9. Bxc4 Qxg2 10. Rg1 Qxh2 11. Nf3 Qd6
12. d4 O-O 13. Bf4 Qd8 $17) 8... dxe4 9. O-O O-O 10. Bc2 Bf5 11. Ng3 e3 12.
fxe3 Bxc2 13. Qxc2 Ne5 14. Nf3 Nxc4 15. b3 Nd6 16. e4 Ng4 17. h3 Qb6+ 18. Kh1
Ne3 19. Bxe3 Qxe3 20. Rad1 $11 {Komodo12}) 8. Bc2 O-O (8... dxe4 9. dxe4 Nd3+
10. Bxd3 Qxd3 11. Nf4 Qd6 12. Qf3 Bg4 13. Qg3 O-O 14. O-O e5 15. Nh3 Be2 16.
Re1 Bd3 17. Qe3 Rfd8 $17 {Komodo12}) 9. O-O (9. d4 Nc6 10. e5 Nh5 11. O-O $11 {
Komodo12}) 9... Qc7 10. h3 Rd8 11. f4 (11. d4 Nc6 12. e5 Ne4 13. Nxe4 dxe4 14.
Bf4 cxd4 15. cxd4 Qb6 16. Bxe4 Nxd4 17. Nxd4 Rxd4 18. Qf3 Be6 $11 {Komodo12})
11... Nc6 (11... Nxd3 $1 12. e5 (12. Bxd3 dxe4 13. Bc4 e3 14. Qe1 exd2 15. Bxd2
$19) 12... Nxc1 13. Qxc1 Ne8 14. Nf3 $17 {Cloud Engines}) 12. Qe1 (12. e5 $14)
12... e5 13. Nf3 dxe4 (13... c4 14. fxe5 cxd3 15. exf6 dxe4 16. Ng5 Bh8 (16...
Bf8 17. Bb3 dxe2 18. Qxe2 $18) 17. Nxf7 Qxf7 18. Bb3 Be6 19. Bxe6 Qxe6 20. f7+
Kg7 21. Ng3 $14 {Komodo12}) 14. dxe4 b6 15. Qh4 (15. Qf2) (15. Nxe5 Nxe5 16.
fxe5 Qxe5 17. Bf4 Qe6 18. Ng3 $11) 15... Ba6 $15 16. Re1 exf4 (16... Bd3 {
Komodo121}) (16... Nh5 17. f5 Bd3 {Stockfish10}) 17. Bxf4 Qe7 18. Ng3 (18. e5
Nd5 19. Bg5 Qc7 (19... f6 20. exf6 Bxf6 21. Ned4 (21. Nf4 Bxg5 22. Nxg5 Qb7 23.
Nxd5 Rxd5 24. Rad1 $18) 21... Qd6 22. Nf5 gxf5 23. Bxf5 $18) 20. Bxd8 Rxd8 21.
Ng3 $16 {Komodo12}) 18... h5 (18... Bd3 19. e5 Bxc2 20. exf6 Qxf6 21. Bg5 Qd6
22. Bxd8 Qxd8 23. Qf4 $16 {Komodo12}) 19. e5 Nh7 20. Qxe7 Nxe7 21. e6 $16 (21.
Ne4) 21... Bf6 (21... f5) 22. exf7+ (22. Ne4 $1 $18 {Cloud Engines} Nd5 (22...
fxe6 23. Nxf6+ Nxf6 24. Rxe6 Ned5 25. Be5 Re8 26. Rxe8+ Rxe8 27. Bxg6 $18) 23.
Nxf6+ Nhxf6 24. exf7+ Kxf7 25. Bh6 Rh8 26. Ne5+ Kg8 27. Bg5 Kg7 28. Nxg6 $18 {
Komodo12}) 22... Kxf7 23. Nxh5 (23. Ne4 Bd3 24. Nxf6 Kxf6 25. Bb3 c4 26. Ba4
$16) 23... Bxc3 $2 {Bl seemingly gets confused about which pieces are en prise}
(23... gxh5 24. Bxh7 Ng6 25. Ng5+ Bxg5 26. Bxg5 Rh8 27. Bxg6+ Kxg6 28. Be7 Rae8
29. Rad1 $16) 24. bxc3 $18 gxh5 25. Bxh7 Ng6 26. Ne5+ (26. Bh6) 26... Nxe5 27.
Rxe5 Bd3 28. Bxd3 Rxd3 29. Rf1 Kf6 30. Rxh5 (30. Bg3+ {Komodo12} Kg6 31. Re6+
Kh7 32. Re7+ Kg8 33. Be5 Rd5 34. Rg7+ Kh8 35. Rxa7+ Rxe5 36. Rxa8+ $18) 30...
Re8 31. Bc7+ (31. Be5+ Ke6 32. c4 {Komodo1`2}) 31... Kg6 32. Rhf5 (32. Rh4 {
also}) 32... Rd7 33. Bg3 Re2 34. Rf6+ Kg7 35. R6f2 Re3 36. Rf3 (36. Kh2) 36...
Re2 37. a4 Re4 38. Rf4 Re3 39. Rg4+ Kh7 40. Rf5 Re6 41. Bf4 Rg6 42. Rh5+ (42.
Rh4+ Kg8 43. Be5 Rgg7 44. Bxg7 Kxg7 45. Rg4+ {slightly preferred by Komodo12 &
other Cloud Engines}) (42. Rh5+ Kg7 43. Be5+ Kf7 44. Rh7+ Ke8 45. Rxd7 Rxg4 46.
Rxa7 $18 {Komodo12} (46. hxg4 {simpler human})) 1-0